| 000 | 00412nam a22001337a 4500 | ||
|---|---|---|---|
| 008 | 131013b xxu||||| |||| 00| 0 eng d | ||
| 020 | _a9-7804-1404-4715 | ||
| 082 |
_26 ed. _a346.074 AND |
||
| 100 | _aAndrews, Geraldine and Millett, Richard | ||
| 245 |
_aLaw of guarantees _cGeraldine,Andrews and Millett, Richard |
||
| 260 |
_aLondon _bSweet and Maxwell _c2011 |
||
| 300 |
_axvii,828P. _c24cm. |
||
| 942 |
_2ddc _cBK |
||
| 999 |
_c5767 _d5767 |
||